000 00440nam a2200181Ia 4500
008 090124s9999 xx 000 0 und d
082 _b1915
100 _aSTEPHEN GARRY
245 _aAND QUIT FLOWS THE DON
250 _a0
260 _bPROGRESS PUBLISHERS
_c1967
300 _a552
600 _aSTEPHEN GARRY
630 _aAND QUIT FLOWS THE DON
700 _aSTEPHEN GARRY
730 _aAND QUIT FLOWS THE DON
942 _cBOOK
999 _c82140
_d82140